|
|
|
|
| LEADER |
00876cam a2200253 7i4500 |
| 001 |
0000036282 |
| 005 |
20200210090000.0 |
| 007 |
##ta |
| 008 |
200207s2019 my |
| 020 |
# |
# |
|a 97892111251357
|
| 040 |
# |
# |
|a MATR
|
| 090 |
0 |
0 |
|a AFRI 330.96
|b ECO
|
| 245 |
0 |
0 |
|a Economic Report on Africa 2019 :
|b Fiscal polcy for Financing Sustainable Development in Africa.
|
| 264 |
# |
4 |
|a ♭2019.
|
| 264 |
# |
1 |
|a Addis Ababa:
|b Economic Commission for Africa, United Nations,
|c 2019.
|
| 300 |
# |
# |
|a xx, 169 pages:
|b illustrations;
|c 30 cm.
|
| 336 |
# |
# |
|a text
|2 rdacontent
|
| 337 |
# |
# |
|a unmediated
|2 rdamedia
|
| 338 |
# |
# |
|a volume
|2 rdacarrier
|
| 504 |
# |
# |
|a Includes bibliographical references and index
|
| 650 |
1 |
0 |
|a Economic development --
|z Africa
|
| 650 |
2 |
0 |
|a Africa --
|x Economic conditions
|
| 650 |
2 |
0 |
|a Africa --
|x Social conditions
|
| 999 |
|
|
|a 0000040653
|b Book
|c Regions
|e Business Information Centre
|